| 000 | 00546nam a2200193 a 4500 | ||
|---|---|---|---|
| 005 | 20210223131015.0 | ||
| 008 | 090603s2001 es r 000 0 spa d | ||
| 020 | _a8435015963 | ||
| 035 | _aUPN01000170923 | ||
| 049 | _aCG | ||
| 050 | 4 |
_aPJ846 A4.6 _bC8.4 |
|
| 100 | 1 |
_aMahfuz, Naguib, _d1911-2006 _931286 |
|
| 245 | 1 | 0 |
_aCuentos ciertos e inciertos / _cNaguib Mahfuz ; tr. María Jesús Viguera. |
| 260 |
_aMadrid : _bEdhasa, _c2001. |
||
| 300 | _a278 p. | ||
| 440 | 0 |
_aPocket ; _v96 |
|
| 650 | 4 |
_aLITERATURA EGIPCIA _913097 |
|
| 905 | _aLibro | ||
| 999 |
_c143028 _d143028 |
||